00741nam a22001337a 4500003000500000005001700005082001600022100002300038245005400061260003000115300001000145505042900155650002300584NUST20221028123728.0 a621.317,KET aKetchum, Donald J. aPulse and seitching circuits /cDonald J. Ketchum aLondonbMcGraw Hillc1965 a309 p aWaveforms (Page-1), Netwoks (Page-20), Resistance capacitance inductance (Page-34), Diode switching circuits (Page-56), Triode switches (Page-75), Bistable multivibrations (Page-109), Monostable and astable multivibrations (Page-140), Blocinking oscillators (Page-167), Basic sawtooth generators (Page-181), Gating circuits (Page-210), Delay circuits (Page-231), Special purpose circuits (Page-244), Applications (Page-257). aSwitching circuits